000
00205 a2200097 4500
001
30663
100
_a
Lining stane
245
_a
On Education
260
_a
Cambridge
_b
Unv Press
_c
090
_c
20600
_d
20600
942
_a
NUST-CAE
_c
M
_c
11782
999
_c
265736
_d
265736